• 首页
  • 本馆介绍
  • 公告通知
  • 最新文献
  • 馆藏检索
  • 电子资源
  • 读者导购
  • 参考咨询
  • 我的图书馆
  • 登录
  • 详细信息显示
  • 放入我的书架
  • 预约/预借图书
  • 作者相关作品
  • 分类相关作品
  • 丛书相关作品
  • 出版社相关作品

书目信息

  • 表格格式
  • 工作单格式
  • 卡片格式
题名:
绿色建筑技术与生态城市发展路径研究
    
 
作者: 曾桂香 , 王楠 楠著
分册:  
出版信息: 北京   中国水利水电出版社  2017.11
页数: 197页
开本: 24cm
丛书名:
单 册:
中图分类: TU-023 , X321.2
科图分类:
主题词: 生态建筑--关系--生态城市--城市建设--研究--中国
电子资源:
ISBN: 978-7-5170-6044-4
000 01214nam0 2200241 450
001 4968
005 20181015091304.15
010    @a978-7-5170-6044-4@dCNY61.00
100    @a20171120d2017 em y0chiy0110 ea
101 0  @achi
102    @aCN@b110000
105    @ay z 000yy
200 1  @a绿色建筑技术与生态城市发展路径研究@9lv se jian zhu ji shu yu sheng tai cheng shi fa zhan lu jing yan jiu@f曾桂香,王楠著
210    @a北京@c中国水利水电出版社@d2017.11
215    @a197页@d24cm
330    @a面对全球环境的不断恶化,人们越来越关注生态环境与可持续发展问题,许多城市纷纷提出了建设生态城市的规划,而发展绿色建筑则是生态城市建设中的一个关键要素。本书以绿色建筑与生态城市为视角,以保持经济发展、社会进步以及生态保护三者高度和谐为目的,研究并探索生态空间体系的规范、绿色生态城市规划技术以及有效节能的利用技术等,以期维护城市生态安全,为生态城市可持续发展探索一条有益的途径。本书可以供建筑规划与建筑行业相关人员参考,以期能为城市生态文明建设的相关工作提供有益的借鉴。
606 0  @a生态建筑@x关系@x生态城市@x城市建设@x研究@y中国
690    @aTU-023@v5
690    @aX321.2@v5
701  0 @a曾桂香@9ceng gui xiang@4楠著
701  0 @a王楠@9wang nan@4著
801  0 @aCN@b91CIP@c20171120
905    @aMuseLib@dTU-023@e205
    
    绿色建筑技术与生态城市发展路径研究/曾桂香,王楠著.-北京:中国水利水电出版社,2017.11
    197页;24cm
    
    
    ISBN 978-7-5170-6044-4:CNY61.00
    面对全球环境的不断恶化,人们越来越关注生态环境与可持续发展问题,许多城市纷纷提出了建设生态城市的规划,而发展绿色建筑则是生态城市建设中的一个关键要素。本书以绿色建筑与生态城市为视角,以保持经济发展、社会进步以及生态保护三者高度和谐为目的,研究并探索生态空间体系的规范、绿色生态城市规划技术以及有效节能的利用技术等,以期维护城市生态安全,为生态城市可持续发展探索一条有益的途径。本书可以供建筑规划与建筑行业相关人员参考,以期能为城市生态文明建设的相关工作提供有益的借鉴。
●
相关链接 在E读中查询图书 在五车中查询图书 在当当中查询图书 在豆瓣中查询图书


正题名:绿色建筑技术与生态城市发展路径研究     索取号:TU-023/205         预约/预借

序号 登录号 条形码 馆藏地/架位号 状态 备注
1 1127494   211274949   第二样本阅览室/ [索取号:TU-023/205] 在馆    
2 1127495   211274958   第三借阅区/ [索取号:TU-023/205] 在馆    
3 1127496   211274967   第三借阅区/ [索取号:TU-023/205] 在馆    
4 1127497   211274976   第三借阅区/ [索取号:TU-023/205] 在馆    
5 1127498   211274985   密集书库-生命科学系/ [索取号:TU-023/205] 在馆    
唐山师范学院图书馆 欢迎您!
大连网信软件有限公司© 版权所有